Quizzes
Events
Quiz Creation
Community
Videos
Private Events
Remove Ads
Sign In
Join for FREE
Feedback
Dark Mode
Quiz Categories
Sports
Geography
Music
Movies
Television
Just For Fun
Miscellaneous
History
Literature
Language
Science
Gaming
Entertainment
Religion
Holiday
For Kids
Quiz Lab
Recent
Popular Today
Quiz Kudos Today
Editor Picks
Curator Picks
Quizzes by...
Day
Popularity
Type
Ratings
Length
Year
Community
Subscriptions
Recent Discussions
Orange Saloon
Badges
Playlists
Quests
Create
Leaderboards
Showdown
Live 5
Trivia Bingo
Activity
Puzzle Library
Sporcle Events
Private Events
Virtual Trivia
Globe League
Become a Host
Pub Owners
SporcleCon
Opinionation
Our Games
Videos
Blog
Mobile Apps
Partnerships
Remove Ads and Go Orange
Feedback
Music
Pop Music
The Beatles
Song
Album
Lyrics
Bands
Singers
Artist
Clip
Rock
Rap
Classical
Billboard
Country Music
Kpop
Taylor Swift
Music
Pop Music
The Beatles
Song
Album
Lyrics
Bands
Singers
Artist
Clip
Rock
Rap
Classical
Billboard
Country Music
Kpop
Taylor Swift
Random Quiz
Search Sporcle
×
Quiz Lab
Quiz Lab
Music
Clickable
Select answers by clicking on text or image buttons
Select answers by clicking on text or image buttons
Clickable
Best Score? Go Orange.
Who Sang This Song? ('B' Songs Edition) Stats
Can you pick the Who Sang This Song? ('B' Songs Edition)
By
sqeddovahkiin
10m
50 Questions
105 Plays
105 Plays
105 Plays
Comments
Comments
Give Quiz Kudos
Give Quiz Kudos
-
- Ratings
hide this ad
Forced Order
Answers have to be entered in order
Answers have to be entered in order
Replay
Link that replays current quiz
Next Quiz
Link to next quiz in quiz playlist
You Got
0%
They Got
Avg Score
48%
Avg Friend Score
Upgrade to see
Score Distribution
Jump to the score distribution portion of the page
Score
0/50
Timer
10:00
0
Plays Today
% Correct
Michael Jackson
98.1%
Queen
97.1%
The Who
92.4%
U2
92.4%
The Verve
90.5%
The Rolling Stones
89.5%
The Ramones
83.8%
Green Day
83.8%
Bad Company
81.9%
Led Zeppelin
81.9%
Aqua
81.9%
Bob Dylan
81%
Heart
80%
George Thorogood And The Destroyers
79%
Weezer
73.3%
The Beatles
73.3%
Foo Fighters
65.7%
Jane's Addiction
61.9%
ACDC
61%
New Order
60%
Red Hot Chili Peppers
58.1%
Rage Against The Machine
56.2%
Blue Oyster Cult
53.3%
Kid Rock
52.4%
The Cure
52.4%
% Correct
David Gray
41.9%
Fleetwood Mac
40%
System Of The Down
38.1%
Drowning Pool
35.2%
Cornershop
35.2%
Avenged Sevenfold
31.4%
White Stripes
29.5%
Dandy Warhols
27.6%
The Smiths
25.7%
Prodigy
22.9%
Slipknot
21.9%
Nirvana
21%
The Jam
20%
Jimmy Eat World
19%
Tracy Chapman
18.1%
Bloc Party
18.1%
Keane
17.1%
The Doves
16.2%
Feeder
14.3%
Ash
13.3%
Stereophonics
11.4%
Johnny Cash
5.7%
White Lies
3.8%
Chase & Status
2.9%
Ladyhawke
1.9%
Quiz Playlist
Details
Report
Send in Message
Add To Playlist
Clickable:
Select answers by clicking on text or image buttons
Forced Order:
Answers have to be entered in order
Last Updated: Feb 16, 2017
Quiz Scoreboard
CHALLENGE
Sign Up to Join the Scoreboard
Show All
Scores
Hide
Comments
May contain spoilers
Recently Published
Presidents Visiting Landmarks
by Hejman
History
7m
An Introduction to Baseball
by treessimontrees
Sports
5m
Movies - When Are They Set?
by FPL_Elf
Movies
5m
More to Explore
Quiz From the Vault
Featured Blog Post
Where Did the Easter Bunny Come From?
hide this ad
You Might Also Like...
Tags
Clickable Quiz
Song Quiz
Edition
sang
Today's Top Quizzes in Music
Browse Music
hide this ad
Today's Top Quizzes in Clickable
Browse Clickable
Top Contributed Quizzes in Music
1
Taylor Swift All Songs (2024)
2
Guess the Artist- 70s Songs
3
One Thing in Common: Music
4
KPOP LOGIC QUIZ
5
2010s Album by Cover III
6
Taylor Swift Logic Puzzle
7
Guess the Taylor Swift song (Mystery Song)
8
7-to-1: Billboard Hot 100 #1 Hits of 2010s
9
2010s Album by Cover IV
10
2010s Album by Cover V
Explore More
Trending Topics
Anime
NBA
Kpop
Harry Potter
Disney
Crossword
Marvel
The Office
Song
Puzzle
Soccer
WWE
NFL
Pokémon
Country
hide this ad
More By:
sqeddovahkiin
Quiz
Plays
Rating
Category
Featured
Created
Colourful Songs Fill-In-The-Blank
10,737
4.67
Music
Jul 30, 2013
50 Things Associated With: Elder Scrolls V: Skyrim
4,980
4.40
Gaming
Jul 30, 2013
50 Things Associated With: Dragon Age: Origins
1,167
4.29
Gaming
Aug 18, 2013
Skyrim DLC Trivia (Clickable)
1,004
4.50
Gaming
Mar 24, 2013
Movies By Characters (Clickable)
951
3.55
Movies
Mar 23, 2013
Go to Creator's Profile
Score Distribution
Quiz Creator Spotlight
sqeddovahkiin
Follow
Send a Message
Quizzes Created
-
Created Quiz Play Count
-
More By This Creator
Popular Quizzes Today
1
Find the US States - No Outlines Minefield
2
Find the Countries of Europe - No Outlines Minefield
3
The Countries of the World
4
Popular People in 1961
5
Find the US States
6
US States
7
Risky Map Clicking: Biggest States A-Z
8
1-10 Letter E Words III
More Music Quizzes
3 'Flops', 1 acts: 1970s
Quiz Lab
Trending Quizzes
Risky Map Clicking: Least Populous States A-Z
1-10 Letter F Words
1-10 Letter G Words
One Thing in Common: United Kingdom
Risky Map Clicking: Next State Alphabetically
Recently Updated
Leaping Animals
pecheneg
Reality TV Shows (A-Z)
bhenderson79
Rickey Henderson's Hall of Fame Teammates
pecheneg
Champions League XIs: Arsenal
pecheneg
Quick Pick: Celebrities in WWE's Hall of Fame
aduchscher
A-Z Keypad Blitz II
pecheneg
Multiple Oscar Actors
pecheneg
Mystery Phrase Blitz: Oscar 'Best Actors'
pecheneg
F. Scott Fitzgerald Novels
LTH
Pick 3 Villains
ddd62291
Trending Topics
NBA
Kpop
Crossword
Disney
Marvel
Harry Potter
Anime
Puzzle
Pokémon
The Office
WWE
Country
Song
Soccer
NFL
Your Account Isn't Verified!
In order to create a playlist on Sporcle, you need to verify the email address you used during registration. Go to your
Sporcle Settings
to finish the process.
Report this User
Report this user for behavior that violates our
Community Guidelines
.
Details:
Send Report
Go to the Sporcle.com Mobile Site →
Comments